00817 2200289 4500001002100000005001500021035002000036007000300056008004100059020002200100040002200122082001700144084001900161090002200180100003500202245004500237250003400282300003000316650002000346850001200366264003100378336002100409337003000430338002300460999002200483990002200505INLIS00000000088500920240315080318 a0010-0324000439ta240315s2023 yoi g p ind d a978-623-8350-14-8 aYOPDYOGbinderda04223a899.2211 a899.2211 DID e aCB-D.11 2023-41960 aDidi Suwardid1972-epengarang10aEmbun di atas daun hijau /cDidi Suwardi aCetakan pertama, Agustus 2023 axiv, 132 halaman ;c20 cm 4aPuisi Indonesia aYOPDYOG31aSleman :bBukunesia,c2023 2rdacontentateks 2rdamediaatanpa perantara 2rdacarrieravolume aCB-D.11/2023-4196 aCB-D.11/2023-4196